01749nam a2200421Ia 4500001001200000003000800012006001900020007001500039008004100054010001700095020001800112020001800130020002200148040002100170035002100191050002300212100002800235245015600263260008300419300002700502490004000529490003600569504005200605533015200657610001600809650003300825650003900858650003400897650003400931655002900965700002000994700001901014710006601033710001701099830004401116830004101160856012601201ebr10369886CaPaEBRm u cr cn|||||||||071031s2007 dcuab sb i000 0 eng d z 2007299873 z9780821371831 z9780821371848 z0821371835 (pbk.) aCaPaEBRcCaPaEBR a(OCoLC)17324447514aGN645b.R67 2007eb1 aRogo, K. O.q(Khama O.)10aFemale genital cutting, women's health and developmenth[electronic resource] :bthe role of the World Bank /cKhama Rogo, Tshiya Subayi, Nahid Toubia. aWashington, D.C. :bAfrica Region Human Development Dept., World Bank,cc2007. ax, 30 p. :bill., map.1 aWorld Bank working paper ;vno. 1221 aAfrica human development series aIncludes bibliographical references (p. 25-29). aElectronic reproduction.bPalo Alto, Calif. :cebrary,d2011.nAvailable via World Wide Web.nAccess may be limited to ebrary affiliated libraries.20aWorld Bank. 0aFemale circumcisionzAfrica. 0aWomenxHealth and hygienezAfrica. 0aWomen in developmentzAfrica. 0aEconomic developmentzAfrica. 7aElectronic books.2local1 aSubayi, Tshiya.1 aToubia, Nahid.2 aWorld Bank.bAfrica Regional Office.bHuman Development Dept.2 aebrary, Inc. 0aAfrica Region human development series. 0aWorld Bank working paper ;vno. 122.40uhttp://site.ebrary.com/lib/rucke/Doc?id=10369886zAn electronic book accessible through the World Wide Web; click to view